<?xml version="1.0" encoding="UTF-8"?>
<record
    xmlns:xsi="http://www.w3.org/2001/XMLSchema-instance"
    xsi:schemaLocation="http://www.loc.gov/MARC21/slim http://www.loc.gov/standards/marcxml/schema/MARC21slim.xsd"
    xmlns="http://www.loc.gov/MARC21/slim">

  <leader>02165cam a2200493   4500</leader>
  <controlfield tag="001">13993</controlfield>
  <controlfield tag="003">http://catalogue.bnf.fr/ark:/12148/cb471773802</controlfield>
  <controlfield tag="005">20260113152618.0</controlfield>
  <datafield tag="010" ind1=" " ind2=" ">
    <subfield code="a">9782957958146</subfield>
    <subfield code="d">5 EUR</subfield>
  </datafield>
  <datafield tag="020" ind1=" " ind2=" ">
    <subfield code="a">FR</subfield>
    <subfield code="b">02335844</subfield>
  </datafield>
  <datafield tag="073" ind1=" " ind2="0">
    <subfield code="a">9782957958146</subfield>
  </datafield>
  <datafield tag="090" ind1=" " ind2=" ">
    <subfield code="a">13993</subfield>
  </datafield>
  <datafield tag="099" ind1=" " ind2=" ">
    <subfield code="o">0</subfield>
  </datafield>
  <datafield tag="100" ind1=" " ind2=" ">
    <subfield code="a">20230130d2022    a  y0frey50      ba</subfield>
  </datafield>
  <datafield tag="101" ind1="0" ind2=" ">
    <subfield code="a">fre</subfield>
  </datafield>
  <datafield tag="102" ind1=" " ind2=" ">
    <subfield code="a">FR</subfield>
  </datafield>
  <datafield tag="105" ind1=" " ind2=" ">
    <subfield code="a">||||z   00|a|</subfield>
  </datafield>
  <datafield tag="181" ind1=" " ind2="0">
    <subfield code="6">01</subfield>
    <subfield code="a">i </subfield>
    <subfield code="b">xxxe  </subfield>
  </datafield>
  <datafield tag="181" ind1=" " ind2=" ">
    <subfield code="6">02</subfield>
    <subfield code="c">txt</subfield>
    <subfield code="2">rdacontent</subfield>
  </datafield>
  <datafield tag="182" ind1=" " ind2="0">
    <subfield code="6">01</subfield>
    <subfield code="a">n</subfield>
  </datafield>
  <datafield tag="182" ind1=" " ind2=" ">
    <subfield code="6">02</subfield>
    <subfield code="c">n</subfield>
    <subfield code="2">rdamedia</subfield>
  </datafield>
  <datafield tag="200" ind1="1" ind2=" ">
    <subfield code="a">&#xC9;cho and Co</subfield>
    <subfield code="b">LIVR</subfield>
  </datafield>
  <datafield tag="214" ind1=" " ind2="0">
    <subfield code="c">la Maison th&#xE9;&#xE2;tre</subfield>
    <subfield code="d">impr. 2022</subfield>
  </datafield>
  <datafield tag="214" ind1=" " ind2="3">
    <subfield code="c">Ott impr.</subfield>
  </datafield>
  <datafield tag="214" ind1=" " ind2="0">
    <subfield code="a">Strasbourg</subfield>
  </datafield>
  <datafield tag="214" ind1=" " ind2="3">
    <subfield code="a">67-Wasselonne</subfield>
  </datafield>
  <datafield tag="215" ind1=" " ind2=" ">
    <subfield code="a">1 vol. (25 p.)</subfield>
  </datafield>
  <datafield tag="215" ind1=" " ind2=" ">
    <subfield code="d">21 cm</subfield>
  </datafield>
  <datafield tag="225" ind1=" " ind2=" ">
    <subfield code="a">Les cahiers th&#xE9;&#xE2;tre</subfield>
    <subfield code="v">n&#xB0; 5</subfield>
  </datafield>
  <datafield tag="225" ind1=" " ind2=" ">
    <subfield code="e">14-18 ans</subfield>
  </datafield>
  <datafield tag="300" ind1=" " ind2=" ">
    <subfield code="a">Commande de la Maison th&#xE9;&#xE2;tre dans le cadre du projet "Dans la cour de notre mythologie"</subfield>
  </datafield>
  <datafield tag="321" ind1=" " ind2=" ">
    <subfield code="a">La Revue des livres pour enfants</subfield>
    <subfield code="x">0398-8384</subfield>
    <subfield code="c">330</subfield>
  </datafield>
  <datafield tag="323" ind1=" " ind2=" ">
    <subfield code="a">8 personnages</subfield>
  </datafield>
  <datafield tag="330" ind1=" " ind2=" ">
    <subfield code="a">Pourquoi &#xC9;cho pleure-t-elle &#xE0; chaudes larmes ? Narcisse, dont tout le monde parle au lyc&#xE9;e, serait-il la cause de son d&#xE9;sespoir ? Face au mutisme de la jeune fille, ses ami&#xB7;e&#xB7;s se lancent dans une reconstitution rocambolesque. Combien de temps r&#xE9;sisteront-ils &#xE0; la tentation de ressembler au jeune homme qui embellit de jour en jour ? Jusqu&#x2019;o&#xF9; seront-ils pr&#xEA;ts &#xE0; se m&#xE9;tamorphoser pour se conformer &#xE0; cet unique mod&#xE8;le de beaut&#xE9; ?

Sarah CARR&#xC9; nous plonge dans un mythe de Narcisse modernis&#xE9;, et nous interroge avec dr&#xF4;lerie sur les limites des transformations physiques auxquelles nous nous pr&#xEA;tons.</subfield>
  </datafield>
  <datafield tag="333" ind1=" " ind2=" ">
    <subfield code="a">&#xC0; partir de 13 ans</subfield>
  </datafield>
  <datafield tag="410" ind1=" " ind2="0">
    <subfield code="0">47252827</subfield>
  </datafield>
  <datafield tag="410" ind1=" " ind2="0">
    <subfield code="t">Les Cahiers th&#xE9;&#xE2;tre (Strasbourg)</subfield>
    <subfield code="x">3039-5577</subfield>
    <subfield code="v">5</subfield>
  </datafield>
  <datafield tag="608" ind1=" " ind2=" ">
    <subfield code="a">Th&#xE9;&#xE2;tre</subfield>
    <subfield code="2">CNLJ</subfield>
  </datafield>
  <datafield tag="610" ind1=" " ind2=" ">
    <subfield code="a">mythologie</subfield>
    <subfield code="a">jeunesse</subfield>
    <subfield code="a">adolescence</subfield>
  </datafield>
  <datafield tag="686" ind1=" " ind2=" ">
    <subfield code="a">802</subfield>
    <subfield code="2">Cadre de classement de la Bibliographie nationale fran&#xE7;aise</subfield>
  </datafield>
  <datafield tag="700" ind1=" " ind2=" ">
    <subfield code="a">Carr&#xE9;</subfield>
    <subfield code="b">Sarah</subfield>
    <subfield code="f">1975-....</subfield>
  </datafield>
  <datafield tag="700" ind1=" " ind2=" ">
    <subfield code="3">15606771</subfield>
    <subfield code="o">ISNI0000000002733233</subfield>
    <subfield code="4">070</subfield>
  </datafield>
  <datafield tag="801" ind1=" " ind2="0">
    <subfield code="a">FR</subfield>
    <subfield code="b">FR-751131015</subfield>
    <subfield code="c">20230130</subfield>
    <subfield code="g">AFNOR</subfield>
    <subfield code="h">FRBNF471773800000004</subfield>
  </datafield>
  <datafield tag="856" ind1=" " ind2="2">
    <subfield code="u">772903</subfield>
    <subfield code="b">Premi&#xE8;re de couverture</subfield>
  </datafield>
  <datafield tag="995" ind1=" " ind2=" ">
    <subfield code="2">0</subfield>
    <subfield code="5">2026-01-13</subfield>
    <subfield code="9">13886</subfield>
    <subfield code="c">JOL</subfield>
    <subfield code="f">JOL 007694</subfield>
    <subfield code="k">TH CAR 8</subfield>
    <subfield code="o">0</subfield>
    <subfield code="b">JOL</subfield>
    <subfield code="r">LIVR</subfield>
  </datafield>
</record>
